00324pab a2200121 454500008004000000100002700040245005600067260000900123300001400132362001200146650002800158773001600186180718b2009 xxu||||| |||| 00| 0 eng d aSingh, Bhartendu Kumar aBeyond the ADB: China, India and the global rivalry c2009 ap.329-35. aJul-Sep aInternational relations aUSI Journal